Nuevas tecnologías en la arquitectura de Motherboards para pc en el período 2004-2005

Presenta nuevas tecnologías en la arquitectura de Motherboards para PC en el periodo 2004-2005, la cual explica de manera detallada los cambios que han experimentado las Motherboards tanto en su diseño, como las nuevas tecnologías incorporadas a su arquitectura.

Bibliographic Details
Main Authors: Soto, Joseph María, Zeledón Tinoco, Warner Alejandro
Other Authors: Tutor: Tinoco Fonseca, Gilma Yadira
Format: Tesis Section = Libro
Language:Undetermined
Spanish
Published: Managua UNI 2006
Subjects:
LEADER 01079nam a2200241Ia 4500
008 240830s9999 xx 000 0 und d
040 |a BIBLIOTECA-RUSB/ Mon 004.22 S718 
041 |a spa 
082 |a Mon 004.22 S718 
100 1 |a Soto, Joseph María 
100 1 |b  Zeledón Tinoco, Warner Alejandro 
245 1 0 |a Nuevas tecnologías en la arquitectura de Motherboards para pc en el período 2004-2005 
260 |a Managua  |b UNI  |c 2006 
300 |a 64 p. :il. 
502 |a Tesis (Ingeniero en Computación) - UNI, 2006. 
520 3 |a Presenta nuevas tecnologías en la arquitectura de Motherboards para PC en el periodo 2004-2005, la cual explica de manera detallada los cambios que han experimentado las Motherboards tanto en su diseño, como las nuevas tecnologías incorporadas a su arquitectura. 
650 7 |a ARQUITECTURA DEL COMPUTADOR - MOTHERBOARDS - PC 
650 7 |b  EVOLUCIÓN DE LA ARQUITECTURA - HARDWARE - PC 
650 7 |c  COMPONENTES - MOTHERBOARDS 
700 1 |a Tutor:  |b Tinoco Fonseca, Gilma Yadira 
942 |c BK  |2 ddc 
991 |a TESIS 
999 |c 19626